000 01117nam a22003377a 4500
003 CHAP
005 20220329135635.0
008 971013s1959 r 00010 d
010 _a39777
011 _a40749
035 _a44875
040 _cCHAP
082 _a519.9
_bF5 1959
100 0 0 _aFisher, Ronald A.
_941112
245 _aStatistical methods and scientific inference
250 _a2 ed.
260 _aEdimburgh :
_bOliver and Boyd,
_c1959
300 _a178 p.
590 _aBATCH-UPD
_b10
_c20130110
_lUCH01
_h0134
590 _aBATCH-UPD
_b10
_c20130110
_lUCH01
_h1626
590 _aBATCH-UPD
_b10
_c20130410
_lUCH01
_h1019
590 _aBATCH-UPD
_b10
_c20130914
_lUCH01
_h1325
590 _aCONVERSION
_b10
_c20130109
_lUCH01
_h1322
650 1 4 _aEstadística matemática.
_938261
650 1 4 _aProbabilidades.
_991687
901 _aBK
942 _cLIBRO
949 _a519.9 F5 1959
_bBC
_cLIBRO
_d33724000157178
_eLIBRO
_h921
_i44875
_si
949 _a519.9 F5 1959
_bBC
_cLIBRO
_d33724000157186
_eLIBRO
_fc.2
_h17139
_i44875
_si
949 _a519.9 F5 1959
_bBC
_cLIBRO
_d33724000157194
_eLIBRO
_fc.3
_h27841
_i44875
_si
999 _c39777
_d39777